000 01041nam a22003497a 4500
005 20250402162243.0
008 250402b |||||||| |||| 00| 0 spa d
020 _a9798393294304
041 _aESP
082 _a621.381 ED23m
100 _aEdición EMD
245 _aMantenimiento electrónico: fallas, pruebas, seguridad, esquemas, función, prácticas
260 _aEspaña
260 _bIndependently published
260 _c2023
300 _a332 páginas
650 _aELECTRÓNICA
650 _aEQUIPOS ELECTRÓNICOS
650 _aDIAGNÓSTICO DE FALLAS
650 _aCÓDIGO OSHA
650 _aSISTEMAS ELÉCTRICOS
650 _aINSTRUMENTOS ELÉCTRICOS DE MEDICIÓN
650 _aSISTEMA INTERNACIONAL DE UNIDADES
650 _aEQUIPOS ELECTRÓNICOS ANALÓGICOS
650 _aEQUIPOS ELECTRÓNICOS DIGITALES
650 _aFUNIONAMIENTO DE FALLAS
650 _aDIAGRÁMAS ELECTRÓNICOS
650 _aPARÁMETROS ELÉCTRICOS
650 _aVERIFICACIÓN DE FALLAS
942 _2ddc
_cBK
999 _c13706
_d13706